000 00346 a2200169 4500
001 175137
020 _a85-00-001-09-7
040 _cMagnum
100 _aDore, Helen
240 1 0 _aA arte dos retratos
_lpor
245 1 0 _aA arte dos retratos
300 _a79
362 0 _a1996
440 1 _aEdiouro
697 _aFOTOGRAFIAS
942 _cBK
999 _c175137
_d175137